<?xml version="1.0" encoding="UTF-8"?>
<record
    xmlns:xsi="http://www.w3.org/2001/XMLSchema-instance"
    xsi:schemaLocation="http://www.loc.gov/MARC21/slim http://www.loc.gov/standards/marcxml/schema/MARC21slim.xsd"
    xmlns="http://www.loc.gov/MARC21/slim">

  <leader>01114nam a22002297a 4500</leader>
  <controlfield tag="003">NALT</controlfield>
  <controlfield tag="005">20250327095253.0</controlfield>
  <controlfield tag="008">250321b        th ||||| |||| 00| 0 tha d</controlfield>
  <datafield tag="020" ind1=" " ind2=" ">
    <subfield code="a">9786168344224</subfield>
  </datafield>
  <datafield tag="040" ind1=" " ind2=" ">
    <subfield code="a">NALT</subfield>
  </datafield>
  <datafield tag="090" ind1=" " ind2=" ">
    <subfield code="a">KD 70 </subfield>
    <subfield code="b">&#xE28;365&#xE08; 2567</subfield>
  </datafield>
  <datafield tag="110" ind1="2" ind2=" ">
    <subfield code="a">&#xE2A;&#xE33;&#xE19;&#xE31;&#xE01;&#xE07;&#xE32;&#xE19;&#xE28;&#xE32;&#xE25;&#xE23;&#xE31;&#xE10;&#xE18;&#xE23;&#xE23;&#xE21;&#xE19;&#xE39;&#xE0D;</subfield>
    <subfield code="9">6436</subfield>
  </datafield>
  <datafield tag="245" ind1="1" ind2="0">
    <subfield code="a">&#xE08;&#xE14;&#xE2B;&#xE21;&#xE32;&#xE22;&#xE40;&#xE2B;&#xE15;&#xE38;&#xE28;&#xE32;&#xE25;&#xE23;&#xE31;&#xE10;&#xE18;&#xE23;&#xE23;&#xE21;&#xE19;&#xE39;&#xE0D; &#xE1E;&#xE38;&#xE17;&#xE18;&#xE28;&#xE31;&#xE01;&#xE23;&#xE32;&#xE0A; 2565 /</subfield>
    <subfield code="c">&#xE2A;&#xE33;&#xE19;&#xE31;&#xE01;&#xE07;&#xE32;&#xE19;&#xE28;&#xE32;&#xE25;&#xE23;&#xE31;&#xE10;&#xE18;&#xE23;&#xE23;&#xE21;&#xE19;&#xE39;&#xE0D;.</subfield>
  </datafield>
  <datafield tag="260" ind1=" " ind2=" ">
    <subfield code="a">&#xE01;&#xE23;&#xE38;&#xE07;&#xE40;&#xE17;&#xE1E;&#xE2F; :</subfield>
    <subfield code="b">&#xE2A;&#xE33;&#xE19;&#xE31;&#xE01;&#xE07;&#xE32;&#xE19;&#xE28;&#xE32;&#xE25;&#xE23;&#xE31;&#xE10;&#xE18;&#xE23;&#xE23;&#xE21;&#xE19;&#xE39;&#xE0D;,</subfield>
    <subfield code="c">2567.</subfield>
  </datafield>
  <datafield tag="300" ind1=" " ind2=" ">
    <subfield code="a">184 &#xE2B;&#xE19;&#xE49;&#xE32; :</subfield>
    <subfield code="b">&#xE20;&#xE32;&#xE1E;&#xE1B;&#xE23;&#xE30;&#xE01;&#xE2D;&#xE1A; ;</subfield>
    <subfield code="c">26 &#xE0B;&#xE21;.</subfield>
  </datafield>
  <datafield tag="505" ind1="2" ind2=" ">
    <subfield code="a">&#xE08;&#xE14;&#xE2B;&#xE21;&#xE32;&#xE22;&#xE40;&#xE2B;&#xE15;&#xE38;&#xE28;&#xE32;&#xE25;&#xE23;&#xE31;&#xE10;&#xE18;&#xE23;&#xE23;&#xE21;&#xE19;&#xE39;&#xE0D; &#xE1E;&#xE38;&#xE17;&#xE18;&#xE28;&#xE31;&#xE01;&#xE23;&#xE32;&#xE0A; 2565.</subfield>
  </datafield>
  <datafield tag="650" ind1=" " ind2="4">
    <subfield code="a">&#xE28;&#xE32;&#xE25;&#xE23;&#xE31;&#xE10;&#xE18;&#xE23;&#xE23;&#xE21;&#xE19;&#xE39;&#xE0D; </subfield>
    <subfield code="z">&#xE44;&#xE17;&#xE22;</subfield>
    <subfield code="9">50964</subfield>
  </datafield>
  <datafield tag="942" ind1=" " ind2=" ">
    <subfield code="c">LB</subfield>
    <subfield code="2">local</subfield>
  </datafield>
  <datafield tag="996" ind1=" " ind2=" ">
    <subfield code="a">kanyakorn.i</subfield>
    <subfield code="b">LIBSTF</subfield>
    <subfield code="c">2025-03-21</subfield>
  </datafield>
  <datafield tag="996" ind1=" " ind2=" ">
    <subfield code="a">saiphon.d</subfield>
    <subfield code="b">CATSTF	</subfield>
    <subfield code="c">2025-03-27</subfield>
  </datafield>
  <datafield tag="999" ind1=" " ind2=" ">
    <subfield code="c">106407</subfield>
    <subfield code="d">106407</subfield>
  </datafield>
  <datafield tag="998" ind1=" " ind2=" ">
    <subfield code="j">104</subfield>
    <subfield code="k"> &#xE19;&#xE32;&#xE07;&#xE2A;&#xE32;&#xE27;&#xE2A;&#xE32;&#xE22;&#xE1D;&#xE19;  &#xE14;&#xE35;&#xE07;&#xE32;&#xE21;</subfield>
  </datafield>
  <datafield tag="952" ind1=" " ind2=" ">
    <subfield code="0">0</subfield>
    <subfield code="1">0</subfield>
    <subfield code="2">local</subfield>
    <subfield code="4">0</subfield>
    <subfield code="7">0</subfield>
    <subfield code="8">CLAW</subfield>
    <subfield code="a">NALT</subfield>
    <subfield code="b">NALT</subfield>
    <subfield code="c">LAW</subfield>
    <subfield code="d">2025-03-21</subfield>
    <subfield code="l">0</subfield>
    <subfield code="o">KD 70 &#xE28;365&#xE08; 2567</subfield>
    <subfield code="p">3961214966</subfield>
    <subfield code="r">2025-03-21 00:00:00</subfield>
    <subfield code="t">&#xE09;.1</subfield>
    <subfield code="w">2025-03-21</subfield>
    <subfield code="y">LB</subfield>
  </datafield>
  <datafield tag="952" ind1=" " ind2=" ">
    <subfield code="0">0</subfield>
    <subfield code="1">0</subfield>
    <subfield code="2">local</subfield>
    <subfield code="4">0</subfield>
    <subfield code="7">0</subfield>
    <subfield code="8">CLAW</subfield>
    <subfield code="a">NALT</subfield>
    <subfield code="b">NALT</subfield>
    <subfield code="c">LAW</subfield>
    <subfield code="d">2025-03-21</subfield>
    <subfield code="l">0</subfield>
    <subfield code="o">KD 70 &#xE28;365&#xE08; 2567</subfield>
    <subfield code="p">3961214967</subfield>
    <subfield code="r">2025-03-21 00:00:00</subfield>
    <subfield code="t">&#xE09;.2</subfield>
    <subfield code="w">2025-03-21</subfield>
    <subfield code="y">LB</subfield>
  </datafield>
</record>
